000 00471cam a22001934a 4500
005 20250605164153.0
008 250528s ||||||||||||||||||||||||d
035 _a19442
020 _a9605121484
040 _aGR-AtMCL
_bgre
_dGR-AtMCL
_eAACR2
245 1 _aΕΓΧΕΙΡΙΔΙΟ ΤΗΣ VISUAL BASIC 6
250 _a1
260 _bΓκιουρδας,
_c1998
300 _a828
700 1 _aPerry Graig
_95695
942 _cBK
999 _c4698
_d4698